| 000 | 00383nam a22001337a 4500 | ||
|---|---|---|---|
| 082 |
_a695 _bTER _cL-19, P-54 |
||
| 100 |
_aTerrington, J.S _939697 |
||
| 245 |
_aDesign of Non Planar Concrete roofs _cTerrington, J.S |
||
| 260 |
_aLondon _bConcrete publications ltd _c1964 |
||
| 300 |
_ap-108 _bill |
||
| 526 |
_a0 _b0 _c0 _d695_000000000000000_TER |
||
| 650 |
_aMCE _9379 |
||
| 942 |
_2ddc _cBK |
||
| 999 |
_c549080 _d549080 |
||